[Event "IRI-ch"]
[Site "Mashad"]
[Date "2003.09.28"]
[Round "7"]
[White "Bakhtshahi, Moosa"]
[Black "Mooses, Gegham"]
[Result "0-1"]
[WhiteElo "2099"]
[BlackElo "2207"]
[PlyCount "66"]
[EventDate "2003.09.24"]
[EventType "swiss"]
[EventRounds "11"]
[EventCountry "IRI"]
[SourceTitle "CBM 096 Extra"]
[Source "ChessBase"]
[SourceDate "2003.10.22"]
[SourceVersion "2"]
[SourceVersionDate "2003.10.20"]
[SourceQuality "1"]

1. Nf3 d5 2. b3 Nf6 3. Bb2 Bg4 4. e3 Nbd7 5. Be2 c6 6. d4 e6 7. 0-0 Bd6 8. c4 Ne4 9. Ne5 Bxe2 10. Qxe2 Qc7 11. cxd5 exd5 12. Nf3 0-0 13. Ba3 Rae8 14. Bxd6 Qxd6 15. Nbd2 f5 16. a4 f4 17. Rfe1 fxe3 18. Qxe3 Qb4 19. h3 Re7 20. Ng5 Ndf6 21. Ndxe4 dxe4 22. Qe2 Qxd4 23. Rad1 Qc5 24. h4 Rfe8 25. Rc1 Qf5 26. Qc4+ Nd5 27. b4 h6 28. Nh3 e3 29. fxe3 Re4 30. Qc5 Nxe3 31. Qxa7 Qg4 32. Rxe3 Rxe3 33. Qxb7 Rxh3 0-1

[Event "IRI-ch"]
[Site "Mashad"]
[Date "2003.09.27"]
[Round "5"]
[White "Bakhtshahi, Moosa"]
[Black "Dehghani, Hamid"]
[Result "1-0"]
[WhiteElo "2099"]
[BlackElo "2220"]
[PlyCount "83"]
[EventDate "2003.09.24"]
[EventType "swiss"]
[EventRounds "11"]
[EventCountry "IRI"]
[SourceTitle "CBM 096 Extra"]
[Source "ChessBase"]
[SourceDate "2003.10.22"]
[SourceVersion "2"]
[SourceVersionDate "2003.10.20"]
[SourceQuality "1"]

1. Nf3 d5 2. d4 Bg4 3. Nbd2 Nd7 4. e3 e6 5. c4 Ngf6 6. cxd5 exd5 7. Bd3 Bd6 8. a3 0-0 9. h3 Bh5 10. b4 a6 11. Qb3 c6 12. 0-0 Qe7 13. Re1 Bxf3 14. Nxf3 Ne4 15. Rb1 f5 16. a4 g5 17. b5 axb5 18. axb5 g4 19. hxg4 fxg4 20. Bxe4 Qxe4 21. Nd2 Qf5 22. Re2 Rf6 23. e4 Qh5 24. Nf1 Bf4 25. Bxf4 Rxf4 26. Ng3 Qg5 27. Rbe1 Raf8 28. bxc6 bxc6 29. Qb7 Nf6 30. e5 Ne4 31. Nxe4 Rxe4 32. Qxc6 Rxd4 33. e6 Qe7 34. Qd7 Re8 35. Re5 Kg7 36. Rg5+ Kh6 37. Rg8 Rd1 38. Rxd1 Qxd7 39. exd7 Rxg8 40. Rxd5 Rd8 41. Kh2 Kg6 42. Kg3 1-0